• 首页
  • 本馆介绍
  • 公告通知
  • 最新文献
  • 馆藏检索
  • 电子资源
  • 读者导购
  • 参考咨询
  • 我的图书馆
  • 登录
  • 详细信息显示
  • 放入我的书架
  • 预约/预借图书
  • 作者相关作品
  • 分类相关作品
  • 丛书相关作品
  • 出版社相关作品

书目信息

  • 表格格式
  • 工作单格式
  • 卡片格式
题名:
光电子学
    
 
作者: 西泽润一 著 ;史一京 , 石忠诚 译
分册:  
出版信息: 北京   人民邮电出版社  1983.10
页数: 303页
开本: 20cm
丛书名:
单 册:
中图分类: O463
科图分类:
主题词: 真空电子学 , 电子物理学
电子资源:
ISBN:
000 00622nam0 2200229 45
001 0312221749
005 20031222171125.1
010    @dCNY1.45
100    @a20031222d1983 km y0chiy0120 ea
101    @achi
105    @a z 000yy
200 1  @a光电子学@AGuang Dian Zi Xue@f(日)西泽润一著@F(Ri)Xi Ze Run Yi Zhu@g史一京,石忠诚译
210    @a北京@c人民邮电出版社@d1983.10
215    @a303页@d20cm
606 0  @a真空电子学
606 0  @a电子物理学
690    @aO463@v3
701 0  @a西泽润一@4著
702 0  @a史一京@4译
702 0  @a石忠诚@4译
801    @aCN@bTSTCL@c20031222
905    @a213230@dO463@e5@b103796-797@f2
    
    光电子学/(日)西泽润一著/史一京,石忠诚译.-北京:人民邮电出版社,1983.10
    303页;20cm
    
    
    ISBN :CNY1.45
    
●
相关链接 在E读中查询图书 在五车中查询图书 在当当中查询图书 在豆瓣中查询图书


正题名:光电子学     索取号:O463/5         预约/预借

序号 登录号 条形码 馆藏地/架位号 状态 备注
1 0103796   001454474   第三借阅区/ [索取号:O463/5] 在馆    
2 0103797   001454438   第三借阅区/ [索取号:O463/5] 在馆    
3 0103798   202098531   第二样本阅览室/ [索取号:O463/5] 在馆    
唐山师范学院图书馆 欢迎您!
大连网信软件有限公司© 版权所有